Brandenburg-Quiz - Statistiken

Allgemein
  • Dieses Quiz wurde 118 mal gespielt
  • Das Durchschnittsergebnis liegt bei 8 aus 10
Antwortstatistiken
Hinweis Antwort % Korrekt
Bundesland, welches Brandenburg komplett umrundet Berlin
100%
Landeshauptstadt Potsdam
100%
Nördlich angrenzendes Bundesland Mecklenburg-Vorpommern
98%
Firma, welche E-Autos in Brandenburg herstellt. Tesla
94%
Östlich angrenzendes Land Polen
91%
Zweitgrößte Stadt Cottbus
86%
Abkürzung BB
83%
Schloß in Potsdam Schloß Sanssouci
67%
Bester Fußballclub Energie Cottbus
64%
Berühmter Dichter Theodor Fontane
57%
Keine übereinstimmenden Quizze gefunden
Verteilung der Resultate
Anzahl Personen mit jedem Resultat
Perzentil nach korrekt beantworteten Fragen
Ihre Resultats-Entwicklung
Sie haben dieses Quiz noch nicht gespielt